书目信息 |
| 题名: |
高考状元经验谈
|
|
| 作者: | 魏姚童 编 | |
| 分册: | ||
| 出版信息: | 长春 吉林人民出版社 2010.07 |
|
| 页数: | 202页 | |
| 开本: | 23cm | |
| 丛书名: | 青少年求知文库 | |
| 单 册: | ||
| 中图分类: | G632.474 , G632.46 | |
| 科图分类: | ||
| 主题词: | 高等学校--入学考试--经验 , 高等学校 , 入学考试 , 毕业生--学习方法--高中 , 学习方法 , 毕业生 | |
| 电子资源: | ||
| ISBN: | 978-7-206-06863-8 | |
| 000 | 00964nam 22003371 450 | |
| 001 | 005077403 | |
| 005 | 20110302144859.50 | |
| 010 | @a978-7-206-06863-8@dCNY25.80 | |
| 049 | @aN120000TJC@bUCS01004745534 | |
| 096 | @aG632@bwyt | |
| 100 | @a20101125d2010 em y0chiy50 ea | |
| 101 | 0 | @achi |
| 102 | @aCN@b220000 | |
| 105 | @ay z 000yy | |
| 200 | 1 | @a高考状元经验谈@9gao kao zhuang yuan jing yan tan@f魏姚童编 |
| 210 | @a长春@c吉林人民出版社@d2010.07 | |
| 215 | @a202页@d23cm | |
| 225 | 2 | @a青少年求知文库 |
| 330 | @a本书收集了多位高考状元的学习体会、经验、方法及高考中的感受。 | |
| 410 | 0 | @12001 @a青少年求知文库 |
| 606 | 0 | @a高等学校@x入学考试@x经验 |
| 606 | 0 | @a高等学校 |
| 606 | 0 | @a入学考试 |
| 606 | 0 | @a毕业生@x学习方法@x高中 |
| 606 | 0 | @a学习方法 |
| 606 | 0 | @a毕业生 |
| 690 | @aG632.474@v4 | |
| 690 | @aG632.46@v4 | |
| 701 | 0 | @a魏姚童@9wei yao tong@4编 |
| 801 | 0 | @aCN@bTST@c20110302 |
| 905 | @aZUCC@dG632.474@eW605@f3 | |
| 高考状元经验谈/魏姚童编.-长春:吉林人民出版社,2010.07 |
| 202页;23cm.-(青少年求知文库) |
| ISBN 978-7-206-06863-8:CNY25.80 |
| 本书收集了多位高考状元的学习体会、经验、方法及高考中的感受。 |
| ● |
| 相关链接 |
|
|
|
正题名:高考状元经验谈
索取号:G632.474/W605
 
预约/预借
| 序号 | 登录号 | 条形码 | 馆藏地/架位号 | 状态 | 备注 |
| 1 | 1192905 | 211929056 | 社科库409/409社科库 7排1列3层/ [索取号:G632.474/W605] | 在馆 | |
| 2 | 1192906 | 211929065 | 社科库409/409社科库 7排1列3层/ [索取号:G632.474/W605] | 在馆 | |
| 3 | 1192907 | 211929074 | 社科库409/409社科库 7排1列3层/ [索取号:G632.474/W605] | 在馆 |